Soldiers three

保存先:
書誌詳細
第一著者: Kipling, Rudyard (著者)
フォーマット: 図書
言語:英語
出版事項: Londres Macmillan 1907
シリーズ:Macmillan Pocket Kipling
主題:
タグ: タグ追加
タグなし, このレコードへの初めてのタグを付けませんか!

MARC

LEADER 00000nam a2200000 a 4500
001 UCQ3814
003 CL-VaPUC
008 980828e19070000UK |||||||||||||||||eng|d
082 0 4 |a 823  |b KIP  |2 21 
100 |a Kipling, Rudyard  |e author  |9 345267 
245 1 0 |a Soldiers three 
246 1 4 |a The story of the gadsbys 
300 |a 353 p 
942 |c BK 
945 |d 19980828 00:00:00  |a crobeson 
260 |a Londres  |b Macmillan  |c 1907 
650 0 |a Cuentos ingleses  |9 265135 
650 0 |a Literatura inglesa  |9 312907 
583 |a last modification  |c 19980828 00:00:00  |k Rodrigo Vera 
490 0 |a Macmillan Pocket Kipling 
999 |c 274327  |d 274325 
952 |0 0  |1 0  |4 0  |6 823_000000000000000_KIP_1907  |7 0  |8 P  |9 310477  |a BIBEDU  |b BIBEDU  |d 2019-11-20  |i 1458566  |o 823 KIP 1907  |p 1458566  |r 2019-11-20  |w 2019-11-20  |y BK  |k LIT